000 00584nam a2200217 a 4500
001 1444507
005 20180125043422.0
008 851227s1986 nyua 001 0 eng
010 _a 85052464
020 _a0525482199 (pbk.) :
_c$10.95
020 _a0525244352 (hard)
040 _aDLC
_cDLC
_dDLC
041 _aeng
080 _a796.35726 CHA
082 0 0 _a796.35726 CHA
_219
100 1 _a44
101 _aART
245 1 4 _aThe art of hitting .300 /
_cby Charley Lau with Alfred Glossbrenner.
906 _a7
_bcbc
_corignew
_d3
_eocip
_f19
_gy-gencatlg
942 _2ddc
_cBK
999 _c40915
_d40915